000 00759nam a2200289Ia 4500
005 20260324114023.0
008 008 260324s9999 xx 000 0 eng d
020 _a9781003296782
037 _aEBOOK
040 _aCRL
040 _beng
040 _cCRL
041 _2eng
041 _aeng
084 _qCRL
100 _aLouise Paatsch; Siobhan Casey; Amity Green; Karen Stagnitti
_91149107
245 0 _aLearning Through Play in the Primary School
245 4 _bThe Why and the How for Teachers and School Leaders
260 _bTaylor and Francis
260 _c2023
365 _a
365 _b220
856 _uhttp://www.taylorfrancis.com/books/9781003296782
942 _cEBOOK
999 _c1739066
_d1739066